00704nam a2200241 a 4500001001300000003000900013005001700022008004100039020002300080082001500103100001600118245004500134260004100179300000900220500003500229505002500264650001100289700001600300902000800316942000700324952011600331999001500447nice12345678IN_TiNIC20260116012304.0050524s1980 cana grp 000 0 eng  a0919586 c10000a223.2bHAR aHarlow, R E aSongs of Israelb Studies in the Psalms. aCanadabEvery Day Publicationsc1980 a176p aincludes index and biblioraphy2 aBibliograpphy, Index aPsalms1 aHarlow, R E bSRS cBK 001040708StackRoom-aHMIbHMId2007-06-19g100.00l0o223.2 HARp010543r2007-06-19v100.00w2005-05-24yBK c6404d6404